[Event "Bad Woerishofen op"]
[Site "?"]
[Date "2000.??.??"]
[Round "3"]
[White "Kjetsae, Johnny"]
[Black "Graf, Christian"]
[Result "0-1"]
[WhiteElo "2122"]
[BlackElo "2222"]
[PlyCount "100"]
[EventDate "2000.??.??"]

1. d4 d5 2. c4 c6 3. Nc3 Nf6 4. Nf3 dxc4 5. a4 Bg4 6. Ne5 Bh5 7. Nxc4 e6 8. g3
Bb4 9. Bg2 Nd5 10. Qd3 Be7 11. O-O O-O 12. Ne5 Nd7 13. Nxd5 exd5 14. Bh3 Nxe5
15. dxe5 Bg6 16. Qd1 Qa5 17. Bg2 f6 18. Bd2 Qc7 19. exf6 Bxf6 20. Qc1 Qe7 21.
e3 Rfe8 22. Bc3 Bxc3 23. Qxc3 Be4 24. Bxe4 Qxe4 25. Rfd1 Rf8 26. Rd4 Qf3 27.
Rf4 Rxf4 28. exf4 Qxc3 29. bxc3 Re8 30. a5 Kf7 31. Rb1 Re7 32. c4 dxc4 33. Rb4
c3 34. Kf1 Rd7 35. Ke2 Rd2+ 36. Ke3 Rb2 37. Rc4 Ra2 38. Rb4 Rb2 39. Rc4 a6 40.
Rxc3 Rb5 41. Ra3 Ke6 42. Kd4 c5+ 43. Ke3 Kd5 44. Rd3+ Kc6 45. Ra3 Rb1 46. f5 c4
47. Kd4 Kb5 48. Re3 Kb4 49. Re6 Rd1+ 50. Ke3 c3 0-1

[Event "Bad Woerishofen op"]
[Site "?"]
[Date "2000.??.??"]
[Round "5"]
[White "Kjetsae, Johnny"]
[Black "Braun, Erhard"]
[Result "1-0"]
[WhiteElo "2122"]
[BlackElo "1906"]
[PlyCount "101"]
[EventDate "2000.??.??"]

1. d4 Nf6 2. c4 c5 3. d5 b5 4. cxb5 a6 5. f3 d6 6. e4 g6 7. Nc3 Bg7 8. a4 O-O
9. Bd2 e6 10. Bc4 exd5 11. Nxd5 Nbd7 12. Bc3 axb5 13. Bxb5 Ba6 14. Bxa6 Rxa6
15. Ne3 Re8 16. Qd3 Qa8 17. Ne2 Ne5 18. Bxe5 Rxe5 19. Nc3 Re8 20. O-O Nd7 21.
Nb5 Ne5 22. Qc2 Rc8 23. Rfd1 Qb8 24. Kh1 c4 25. Nd5 Kf8 26. Rac1 Rc5 27. Nb4
Rb6 28. f4 Nd3 29. Nxd3 cxd3 30. Qxd3 Bxb2 31. Rb1 Bf6 32. Nxd6 Rxb1 33. Qxb1
Qxb1 34. Rxb1 Ke7 35. e5 Bg7 36. g3 Ra5 37. Rb7+ Ke6 38. Nxf7 Bf8 39. Ng5+ Kd5
40. Rb5+ Rxb5 41. axb5 h6 42. b6 Bc5 43. b7 Ba7 44. Nf7 h5 45. Kg2 Bb8 46. Kf3
Kc6 47. Ke4 Kxb7 48. Nh8 Ba7 49. Nxg6 Kc6 50. f5 Bg1 51. f6 1-0

[Event "Bad Woerishofen op"]
[Site "?"]
[Date "2000.??.??"]
[Round "9"]
[White "Kjetsae, Johnny"]
[Black "Kuempers, Ulrich"]
[Result "0-1"]
[WhiteElo "2122"]
[BlackElo "2210"]
[PlyCount "30"]
[EventDate "2000.??.??"]

1. e4 c6 2. d4 d5 3. e5 Bf5 4. b4 e6 5. c3 f6 6. exf6 Nxf6 7. Bd3 Bd6 8. Nf3
O-O 9. Bg5 Nbd7 10. O-O Bxd3 11. Qxd3 e5 12. dxe5 Nxe5 13. Nxe5 Bxe5 14. f4
Qb6+ 15. Kh1 Ne4 0-1

[Event "Bad Woerishofen op"]
[Site "Bad Woerishofen"]
[Date "2000.??.??"]
[Round "1"]
[White "Klein, Reinhard"]
[Black "Woerl, Richard"]
[Result "0-1"]
[WhiteElo "1555"]
[BlackElo "2120"]
[PlyCount "54"]
[EventDate "1998.03.05"]
[Source "ChessBase"]
[SourceDate "1998.04.29"]

1. d4 d5 2. Nf3 e6 3. e3 Nf6 4. Bd3 Bd6 5. Nbd2 Nbd7 6. O-O O-O 7. c3 e5 8.
dxe5 Nxe5 9. Nxe5 Bxe5 10. h3 c6 11. f4 Bc7 12. Qf3 Bb6 13. Kh1 Re8 14. e4 dxe4
15. Nxe4 Nxe4 16. Bxe4 Qh4 17. Bc2 Be6 18. Kh2 Bd5 19. Qd3 Be4 20. Qe2 Bf5 21.
Qxe8+ Rxe8 22. Bxf5 Re2 23. b3 Bf2 24. a4 Qg3+ 25. Kh1 Bb6 26. Be4 Rxe4 27. Rd1
Re2 0-1

[Event "Bad Woerishofen op"]
[Site "?"]
[Date "2000.??.??"]
[Round "3"]
[White "Klein, Reinhard"]
[Black "Schiegg, Peter"]
[Result "1/2-1/2"]
[WhiteElo "1555"]
[BlackElo "1771"]
[PlyCount "84"]
[EventDate "2000.??.??"]

1. d4 Nf6 2. Nf3 g6 3. h3 Bg7 4. Bf4 d6 5. e3 O-O 6. c4 Nbd7 7. Nc3 Nh5 8. Bh2
f5 9. Be2 e5 10. dxe5 Nxe5 11. Nxe5 dxe5 12. Bxh5 gxh5 13. O-O Qg5 14. Qd5+ Rf7
15. Rfd1 c6 16. Qd8+ Qxd8 17. Rxd8+ Rf8 18. Rad1 Be6 19. Rxa8 Rxa8 20. b3 Kf7
21. Ne2 h4 22. f4 e4 23. Kf1 a5 24. Nd4 a4 25. Nxe6 Kxe6 26. g4 hxg3 27. Bxg3
axb3 28. axb3 Bf6 29. Be1 Ra3 30. Rd6+ Kxd6 31. Bb4+ c5 32. Bxa3 Bc3 33. Ke2
Kc6 34. Kd1 b5 35. cxb5+ Kxb5 36. Kc2 Bb4 37. Bb2 Be1 38. Kd1 Bf2 39. Ke2 Bh4
40. Bc3 c4 41. bxc4+ Kxc4 42. Ba5 Bf6 1/2-1/2

[Event "Bad Woerishofen op"]
[Site "?"]
[Date "2000.??.??"]
[Round "5"]
[White "Klein, Reinhard"]
[Black "Theuermeister, Peter"]
[Result "0-1"]
[WhiteElo "1555"]
[BlackElo "1752"]
[PlyCount "105"]
[EventDate "2000.??.??"]

1. d4 Nf6 2. Nf3 d5 3. e3 e6 4. Bd3 c5 5. c3 c4 6. Bc2 Bd6 7. Nbd2 O-O 8. O-O
Qc7 9. e4 dxe4 10. Nxe4 Nxe4 11. Bxe4 Nd7 12. Bc2 h6 13. Re1 a5 14. a4 e5 15.
dxe5 Nxe5 16. Nxe5 Bxe5 17. Qh5 Bf4 18. Be3 Ra6 19. Rad1 g6 20. Bxf4 Qxf4 21.
Qe5 Qxe5 22. Rxe5 Rb6 23. Rb1 Rd8 24. Be4 Rxb2 25. Rc1 b6 26. Bd5 Rd2 27. Bxc4
Rd1+ 28. Re1 Rxc1 29. Rxc1 Be6 30. Bxe6 fxe6 31. g3 Kf7 32. Kg2 Ke7 33. h4 Rc8
34. c4 Kd6 35. Kf3 Kc5 36. Ke4 Rd8 37. Ke5 Rd2 38. f3 Rd3 39. Ke4 Ra3 40. g4
Rxa4 41. Ke5 Rxc4 42. Rf1 g5 43. h5 Rf4 44. Rc1+ Kb5 45. Rb1+ Ka6 46. Rb3 a4
47. Rd3 Ka5 48. Kxe6 Kb4 49. Kd5 a3 50. Re3 a2 51. Re1 b5 52. Re6 a1=Q 53. Rf6
0-1

[Event "Bad Woerishofen op"]
[Site "?"]
[Date "2000.??.??"]
[Round "7"]
[White "Klein, Reinhard"]
[Black "Weiss, Hans"]
[Result "1/2-1/2"]
[WhiteElo "1555"]
[BlackElo "1810"]
[PlyCount "69"]
[EventDate "2000.??.??"]

1. d4 Nf6 2. Nf3 g6 3. h3 Bg7 4. Bf4 d6 5. e3 b6 6. c4 c5 7. Nc3 O-O 8. Be2 Bb7
9. O-O Nbd7 10. d5 a6 11. e4 Ne8 12. Qc2 Ne5 13. Rad1 Qc7 14. b3 Bc8 15. Nh2
Bd7 16. g4 Kh8 17. Qc1 f6 18. Bh6 g5 19. Bxg7+ Kxg7 20. f4 gxf4 21. Qxf4 Ng6
22. Qg3 Kh8 23. Nf3 Rg8 24. Kh1 Qd8 25. Rf2 Nc7 26. Rdf1 Rg7 27. Nd1 b5 28. Ne3
Qg8 29. Nh4 Nxh4 30. Qxh4 Rg5 31. Rg2 b4 32. Qe1 a5 33. h4 Rg7 34. Nf5 Bxf5 35.
exf5 1/2-1/2

[Event "Bad Woerishofen op"]
[Site "?"]
[Date "2000.??.??"]
[Round "9"]
[White "Klein, Reinhard"]
[Black "Steiger, Wallfried"]
[Result "0-1"]
[WhiteElo "1555"]
[BlackElo "1890"]
[PlyCount "72"]
[EventDate "2000.??.??"]

1. d4 Nf6 2. Nf3 e6 3. e3 b6 4. Bd3 Bb7 5. Nbd2 Be7 6. O-O O-O 7. b3 d6 8. Bb2
c5 9. Rc1 Nfd7 10. c4 Re8 11. Re1 Bf6 12. e4 e5 13. d5 Nf8 14. Bf1 Bc8 15. g3
Bd7 16. Bg2 Qc8 17. Nf1 h6 18. h4 Ng6 19. Rc2 Na6 20. a3 Rb8 21. Ne3 Ne7 22.
Bc1 Kh7 23. Qd3 Rf8 24. Nh2 g6 25. Bf3 Nc7 26. Bg4 Ne8 27. Bxd7 Qxd7 28. Nhg4
Bg7 29. Ng2 Qxg4 30. Be3 Nf6 31. Bc1 Qh3 32. f4 Ng4 33. Qf3 f5 34. exf5 Nxf5
35. fxe5 Qh2+ 36. Kf1 Nxg3# 0-1

[Event "Bad Woerishofen op"]
[Site "?"]
[Date "2000.??.??"]
[Round "2"]
[White "Koch, Harald"]
[Black "Lang, Ludwig"]
[Result "1-0"]
[WhiteElo "1816"]
[BlackElo "1119"]
[PlyCount "84"]
[EventDate "2000.??.??"]

1. c4 e5 2. g3 Nc6 3. Bg2 Be7 4. Nc3 d6 5. Nf3 Nf6 6. d4 O-O 7. O-O h6 8. e4
Nd7 9. d5 Ncb8 10. Qc2 c5 11. Nd1 Na6 12. a3 Nc7 13. Ne3 Nf6 14. b4 b6 15. Bb2
Nd7 16. Nf5 Ne8 17. Nd2 Bg5 18. Bc3 Bf6 19. Rab1 Nb8 20. bxc5 bxc5 21. Rb2 Bxf5
22. exf5 Nd7 23. Rfb1 Rb8 24. Qa4 Rxb2 25. Rxb2 Qc7 26. Qc2 Qc8 27. Rb5 Nc7 28.
Rb3 Qa8 29. Ne4 Be7 30. Ba5 Na6 31. Nc3 f6 32. Nb5 Nb6 33. Bf1 Qb8 34. Nxa7
Qxa7 35. Bxb6 Qa8 36. Ba5 Rb8 37. Bd2 Rxb3 38. Qxb3 Qb8 39. Qa4 Qa8 40. Qd7 Kf8
41. Be2 Qd8 42. Qb7 Qa8 1-0

[Event "Bad Woerishofen op"]
[Site "Bad Woerishofen"]
[Date "2000.??.??"]
[Round "2"]
[White "Koeck, Birgit"]
[Black "Markus, John Raymond"]
[Result "0-1"]
[WhiteElo "1056"]
[BlackElo "2215"]
[PlyCount "66"]
[EventDate "1998.03.05"]
[Source "ChessBase"]
[SourceDate "1998.04.29"]

1. e4 e5 2. d3 Nc6 3. Nf3 Nf6 4. Bg5 Be7 5. Bxf6 Bxf6 6. Nc3 d6 7. Nd5 Be6 8.
Be2 Bxd5 9. exd5 Ne7 10. O-O Nxd5 11. d4 O-O 12. Bc4 Nb6 13. Bb3 exd4 14. Nxd4
c5 15. Nb5 c4 16. Nxd6 cxb3 17. axb3 Be5 18. Nxb7 Qc7 19. Qf3 Qxc2 20. Rfe1
Rae8 21. Rxa7 Bxh2+ 22. Kxh2 Qc7+ 23. g3 Rxe1 24. Ra5 Nd7 25. Rh5 Ne5 26. Qd5
Ng4+ 27. Kg2 Nf6 28. Qf3 Nxh5 29. Qxh5 Qxb7+ 30. f3 Qxb3 31. g4 Qxb2+ 32. Kg3
Rg1+ 33. Kf4 Qd2+ 0-1

[Event "Bad Woerishofen op"]
[Site "?"]
[Date "2000.??.??"]
[Round "4"]
[White "Koeck, Birgit"]
[Black "Glas, Stefan"]
[Result "0-1"]
[WhiteElo "1056"]
[BlackElo "1949"]
[PlyCount "82"]
[EventDate "2000.??.??"]

1. e4 d5 2. e5 c5 3. Nf3 Nc6 4. Bb5 Bd7 5. Bxc6 Bxc6 6. d4 e6 7. dxc5 Bxc5 8.
Be3 Bxe3 9. fxe3 Bb5 10. Nd4 Ba6 11. Nc3 Qg5 12. Ncb5 Qxe5 13. Qf3 Nf6 14. O-O
O-O 15. h4 h5 16. Qf4 Qxf4 17. exf4 Rfc8 18. Rf3 Bxb5 19. Nxb5 Rxc2 20. b3 Ne4
21. f5 a6 22. Nd4 Rd2 23. fxe6 Rxd4 24. exf7+ Kf8 25. Rc1 Nf6 26. Rc7 b5 27.
Re3 Rd1+ 28. Kf2 Ng4+ 29. Ke2 Nxe3 30. Kxe3 Rf1 31. Rd7 Rf5 32. g3 Rc8 33. Kd4
Rc2 34. a4 Rxf7 35. Rxd5 Rd2+ 36. Kc5 Rxd5+ 37. Kb6 bxa4 38. bxa4 Rf6+ 39. Kb7
Rd7+ 40. Ka8 Ke7 41. Kb8 Rf8# 0-1

[Event "Bad Woerishofen op"]
[Site "?"]
[Date "2000.??.??"]
[Round "6"]
[White "Koeck, Birgit"]
[Black "Traub, Heinrich"]
[Result "0-1"]
[WhiteElo "1056"]
[BlackElo "1679"]
[PlyCount "36"]
[EventDate "2000.??.??"]

1. e4 c5 2. c3 d5 3. e5 e6 4. Nf3 h6 5. c4 Nc6 6. d4 cxd4 7. Nxd4 Nxe5 8. cxd5
exd5 9. Nc3 a6 10. Qh5 Qe7 11. Nxd5 Nf3+ 12. Kd1 Qe1+ 13. Kc2 Nxd4+ 14. Kd3
Bf5+ 15. Kxd4 Qe4+ 16. Kc3 Rc8+ 17. Kb3 Qxd5+ 18. Bc4 Qxc4# 0-1

[Event "Bad Woerishofen op"]
[Site "?"]
[Date "2000.??.??"]
[Round "8"]
[White "Koeck, Birgit"]
[Black "Feicht, Roland"]
[Result "0-1"]
[WhiteElo "1056"]
[BlackElo "1460"]
[PlyCount "70"]
[EventDate "2000.??.??"]

1. d4 Nf6 2. Nc3 e6 3. Bg5 Bb4 4. Bxf6 Qxf6 5. Qd2 Nc6 6. Nf3 d5 7. a3 Ba5 8.
b4 Bb6 9. e3 a6 10. b5 Ne7 11. Be2 Ba5 12. O-O c5 13. Qd3 c4 14. Qd2 axb5 15.
Ne5 Nc6 16. f4 Qe7 17. Bg4 h5 18. Bh3 O-O 19. f5 exf5 20. Bxf5 Nxe5 21. dxe5
Qxe5 22. Qxd5 Bxc3 23. Qd1 Bxa1 24. Qxh5 Bxf5 25. Rf3 Rxa3 26. g4 Rxe3 27. Rxf5
Re1+ 28. Kg2 Qe4+ 29. Kh3 Re3+ 30. Kh4 Bf6+ 31. Rxf6 gxf6 32. Qh6 Qh7 33. Qh5
Rd8 34. h3 Rd2 35. g5 Rd4# 0-1

[Event "Bad Woerishofen op"]
[Site "Bad Woerishofen"]
[Date "2000.??.??"]
[Round "1"]
[White "Koenigseder, Helmut"]
[Black "Salvermoser, Bernd"]
[Result "1/2-1/2"]
[WhiteElo "1753"]
[BlackElo "2265"]
[PlyCount "89"]
[EventDate "1998.03.05"]
[Source "ChessBase"]
[SourceDate "1998.04.29"]

1. e4 c5 2. g3 Nc6 3. Bg2 g6 4. Ne2 Bg7 5. O-O d6 6. Nbc3 e5 7. d3 Nge7 8. Be3
O-O 9. Qd2 Rb8 10. Bh6 b5 11. Bxg7 Kxg7 12. Nd5 Nxd5 13. exd5 Ne7 14. c4 bxc4
15. dxc4 Qb6 16. b3 Nf5 17. f4 f6 18. fxe5 dxe5 19. Rac1 a5 20. Nc3 Nd4 21. Ne2
a4 22. Nxd4 exd4 23. Be4 Bh3 24. Rfe1 axb3 25. axb3 Qxb3 26. Bd3 Qb7 27. Qa5
Qb6 28. Qd2 Qd6 29. Ra1 Rb7 30. Ra2 Re7 31. Bf1 Bf5 32. Rea1 h5 33. Ra6 Qb8 34.
Bg2 h4 35. d6 Re3 36. Bd5 hxg3 37. Ra7+ Kh6 38. hxg3 Kg5 39. Re7 Qxd6 40. Rxe3
dxe3 41. Qxe3+ Kh5 42. Bf3+ Bg4 43. Kf2 Bxf3 44. Qxf3+ Kh6 45. Qh1+ 1/2-1/2

[Event "Bad Woerishofen op"]
[Site "?"]
[Date "2000.??.??"]
[Round "4"]
[White "Koenigseder, Helmut"]
[Black "Klein, Reinhard"]
[Result "1/2-1/2"]
[WhiteElo "1753"]
[BlackElo "1555"]
[PlyCount "66"]
[EventDate "2000.??.??"]

1. e4 d6 2. d4 g6 3. Nf3 Bg7 4. Bc4 Nf6 5. Nc3 O-O 6. Bg5 c5 7. Qd2 Bg4 8.
O-O-O Nc6 9. dxc5 Bxf3 10. gxf3 Ne5 11. Be2 dxc5 12. Qe3 Qa5 13. Bh6 Rfd8 14.
Bxg7 Rxd1+ 15. Rxd1 Kxg7 16. f4 Nc6 17. e5 Ng8 18. f5 Rd8 19. Rg1 Nd4 20. Bd3
b5 21. e6 f6 22. a3 b4 23. Nb1 c4 24. axb4 Qxb4 25. Be4 Qd6 26. f4 Qc5 27. Re1
gxf5 28. Qg3+ Kh8 29. Bh1 Nh6 30. h3 Rg8 31. Qa3 Nxe6 32. Qxc5 Nxc5 33. Bd5 Rg3
1/2-1/2

[Event "Bad Woerishofen op"]
[Site "?"]
[Date "2000.??.??"]
[Round "6"]
[White "Koenigseder, Helmut"]
[Black "Wissinger, Peter"]
[Result "1/2-1/2"]
[WhiteElo "1753"]
[BlackElo "2060"]
[PlyCount "147"]
[EventDate "2000.??.??"]

1. e4 e5 2. Nf3 Nc6 3. Bb5 a6 4. Bxc6 dxc6 5. d4 exd4 6. Qxd4 Qxd4 7. Nxd4 c5
8. Nb3 Be6 9. Be3 b6 10. N1d2 f6 11. a4 a5 12. c4 Bd6 13. Nc1 Ne7 14. Nd3 c6
15. Bf4 O-O-O 16. b3 g5 17. Bxd6 Rxd6 18. Nb2 Rhd8 19. Rd1 Ng6 20. Nf3 Rxd1+
21. Nxd1 Nf4 22. O-O Rd3 23. Ne3 Rxb3 24. Ra1 Ne2+ 25. Kf1 Nd4 26. Nd2 Rd3 27.
Ra2 b5 28. axb5 cxb5 29. Ke1 a4 30. Nd5 Bxd5 31. exd5 a3 32. cxb5 Nxb5 33. Ne4
Nc3 34. Nxc3 Rxc3 35. Kd2 Rb3 36. Kc2 c4 37. Kc1 c3 38. Ra1 Kd7 39. Kc2 Rb2+
40. Kxc3 Rxf2 41. Rxa3 Kd6 42. Kd4 Rf4+ 43. Ke3 Kxd5 44. Ra5+ Ke6 45. Ra7 h5
46. Rh7 h4 47. h3 Kf5 48. Ra7 Re4+ 49. Kf3 Re5 50. Ra4 Rb5 51. Ra3 Kg6 52. Rc3
f5 53. Ra3 Kh5 54. Ra4 Rb3+ 55. Kf2 Rb2+ 56. Kf1 g4 57. hxg4+ fxg4 58. Ra5+ Kg6
59. Ra6+ Kg5 60. Ra4 Rb1+ 61. Kf2 g3+ 62. Kf3 Rf1+ 63. Ke3 Rf5 64. Rb4 Rc5 65.
Ra4 Rb5 66. Rc4 Rb3+ 67. Ke2 Rb2+ 68. Kf1 Rf2+ 69. Kg1 Rf4 70. Rc5+ Kg4 71. Rc8
Rd4 72. Kf1 Rd1+ 73. Ke2 Rg1 74. Rc4+ 1/2-1/2

[Event "Bad Woerishofen op"]
[Site "?"]
[Date "2000.??.??"]
[Round "8"]
[White "Koenigseder, Helmut"]
[Black "Wassem, Michael"]
[Result "0-1"]
[WhiteElo "1753"]
[BlackElo "1258"]
[PlyCount "44"]
[EventDate "2000.??.??"]

1. e4 e6 2. d4 b6 3. Nc3 Bb7 4. Nf3 Bb4 5. Bd3 c5 6. a3 cxd4 7. axb4 dxc3 8.
bxc3 Qc7 9. c4 Ne7 10. Bb2 O-O 11. O-O Rd8 12. Re1 d5 13. exd5 exd5 14. Qe2 Re8
15. Ng5 h6 16. Qh5 Qf4 17. Nxf7 Qxf7 18. Bg6 Nxg6 19. cxd5 Rxe1+ 20. Rxe1 Nd7
21. Re3 Nf6 22. Bxf6 Qxf6 0-1

[Event "Bad Woerishofen op"]
[Site "Bad Woerishofen"]
[Date "2000.??.??"]
[Round "2"]
[White "Koglin, Anke"]
[Black "Wegener, Hans-Karl"]
[Result "1-0"]
[WhiteElo "2270"]
[BlackElo "2115"]
[PlyCount "59"]
[EventDate "1998.03.05"]
[Source "ChessBase"]
[SourceDate "1998.04.29"]

1. e4 d5 2. exd5 Nf6 3. Nf3 Nxd5 4. d4 g6 5. Be2 Bg7 6. O-O O-O 7. c4 Nb6 8.
Nc3 Nc6 9. d5 Nb8 10. Bf4 Bg4 11. Ng5 Bxe2 12. Qxe2 h6 13. Nge4 c6 14. Rfd1
cxd5 15. cxd5 N8d7 16. Qb5 Qc8 17. Qe2 Qc4 18. Qf3 g5 19. b3 Qb4 20. Bd2 f5 21.
Ng3 Ne5 22. Qe2 f4 23. Nb5 Qc5 24. Rac1 f3 25. Qxe5 Bxe5 26. Rxc5 a6 27. Nc7
Rac8 28. Ne6 Rxc5 29. Nxc5 fxg2 30. Be3 1-0

[Event "Bad Woerishofen op"]
[Site "?"]
[Date "2000.??.??"]
[Round "4"]
[White "Koglin, Anke"]
[Black "Lindenmair, Anton"]
[Result "1-0"]
[WhiteElo "2270"]
[BlackElo "2108"]
[PlyCount "81"]
[EventDate "2000.??.??"]

1. e4 e5 2. Bc4 Nf6 3. d3 Nc6 4. Nf3 Bc5 5. O-O d6 6. c3 O-O 7. Bb3 Be6 8. Bc2
d5 9. Nbd2 a5 10. Nxe5 Nxe5 11. d4 Nxe4 12. dxc5 Qh4 13. Qe2 Nxd2 14. Bxd2 Nc4
15. Bc1 Rfe8 16. Qd3 Ne5 17. Qd4 Qh5 18. Bf4 f6 19. Rfe1 Nc6 20. Qd2 Ne5 21.
Qd4 Nc6 22. Qd1 Qf7 23. Qd3 g6 24. Qg3 d4 25. h4 dxc3 26. bxc3 Bc4 27. Bxc7
Rxe1+ 28. Rxe1 Re8 29. Rxe8+ Qxe8 30. a3 Ne5 31. Bxa5 Qb5 32. Bb4 Be6 33. Qe3
Kf7 34. h5 Ng4 35. hxg6+ hxg6 36. Qe4 f5 37. Qd3 Bc4 38. Qd6 Be6 39. Qd3 Bc4
40. Bb3 Bxb3 41. Qxb5 1-0

[Event "Bad Woerishofen op"]
[Site "?"]
[Date "2000.??.??"]
[Round "6"]
[White "Koglin, Anke"]
[Black "Levin, Felix"]
[Result "1/2-1/2"]
[WhiteElo "2270"]
[BlackElo "2526"]
[PlyCount "117"]
[EventDate "2000.??.??"]

1. e4 c5 2. Nf3 d6 3. d4 cxd4 4. Nxd4 Nf6 5. Nc3 Nc6 6. Be2 e5 7. Nf3 h6 8. O-O
Be7 9. Re1 O-O 10. h3 Be6 11. Bf1 Nb8 12. a4 Nbd7 13. a5 a6 14. Nd5 Nxd5 15.
exd5 Bf5 16. c4 Bh7 17. b4 e4 18. Nd4 Ne5 19. Be3 Rc8 20. Rc1 Bf6 21. Nb3 Qd7
22. c5 Nd3 23. Bxd3 exd3 24. Nd2 dxc5 25. Bxc5 Qxd5 26. Bxf8 Rxf8 27. Qf3 Qb5
28. Qg4 Bf5 29. Qc4 Qa4 30. Qd5 Bg5 31. Rcd1 Bxd2 32. Rxd2 Qxb4 33. Rdd1 Be6
34. Qxd3 Qxa5 35. Ra1 Qg5 36. Red1 Rc8 37. Kh1 Rc5 38. Qe2 Bd5 39. f3 Bc6 40.
Qf2 a5 41. Rd4 a4 42. Qb2 h5 43. Rad1 Qf5 44. R4d2 Rc4 45. Qa3 Rc5 46. Qe3 Kh7
47. Rd8 Re5 48. Qa3 Re2 49. R8d2 Re6 50. Rd6 Re5 51. Rd8 Qg5 52. Qd3+ Qg6 53.
Qf1 Ra5 54. Qf2 a3 55. Qa2 Qf5 56. R8d3 Qc5 57. Rd8 Qf5 58. R8d3 Qc5 59. Rd8
1/2-1/2

[Event "Bad Woerishofen op"]
[Site "?"]
[Date "2000.??.??"]
[Round "8"]
[White "Koglin, Anke"]
[Black "Bunzmann, Dimitri"]
[Result "1/2-1/2"]
[WhiteElo "2270"]
[BlackElo "2502"]
[PlyCount "87"]
[EventDate "2000.??.??"]

1. e4 e6 2. d4 d5 3. Nc3 Bb4 4. e5 c5 5. Bd2 Ne7 6. dxc5 Nd7 7. Qg4 Bxc3 8.
Bxc3 O-O 9. Bd3 Nxc5 10. O-O-O Nf5 11. Ne2 b6 12. Nd4 Nxd3+ 13. Rxd3 Qh4 14. h3
Qd8 15. h4 a5 16. Qf4 Ba6 17. Rdh3 Nxd4 18. Bxd4 Rc8 19. h5 h6 20. Rg3 Qc7 21.
c3 Kh7 22. Qd2 b5 23. Kb1 b4 24. Rc1 Qd7 25. cxb4 Rxc1+ 26. Kxc1 Qa4 27. Qc2+
Qxc2+ 28. Kxc2 axb4 29. Kd2 Bc4 30. a3 bxa3 31. Rxa3 Rb8 32. Ra7 Kg8 33. Bc3
Rb3 34. Ra3 Rb7 35. Ra8+ Kh7 36. g3 Bf1 37. Ke3 Bh3 38. Ra4 Bf1 39. Ra1 Bc4 40.
Ra3 Rc7 41. Bd4 Rb7 42. Bc3 Bb3 43. Kd2 Bc4 44. Ke3 1/2-1/2

[Event "Bad Woerishofen op"]
[Site "Bad Woerishofen"]
[Date "2000.??.??"]
[Round "1"]
[White "Kostic, Vladimir"]
[Black "Santl, Anton"]
[Result "1-0"]
[WhiteElo "2389"]
[BlackElo "2191"]
[PlyCount "60"]
[EventDate "1998.03.05"]
[Source "ChessBase"]
[SourceDate "1998.04.29"]

1. e4 c5 2. Nf3 d6 3. c3 Nf6 4. h3 Nc6 5. d4 cxd4 6. cxd4 Nxe4 7. d5 Qa5+ 8.
Nc3 Nxc3 9. bxc3 Ne5 10. Nxe5 Qxc3+ 11. Bd2 Qxe5+ 12. Be2 g6 13. O-O Bg7 14.
Bb5+ Kf8 15. Rc1 h6 16. Bc3 Qf5 17. Re1 Qg5 18. Re3 Bxc3 19. Rcxc3 Kg7 20. Rc7
Rf8 21. Rg3 Qe5 22. Re3 Qg5 23. Bf1 a6 24. Rcxe7 Bxh3 25. Qd4+ Kg8 26. f4 Qh4
27. gxh3 Rac8 28. Qe4 b5 29. Qf3 Rc2 30. f5 g5 1-0

[Event "Bad Woerishofen op"]
[Site "?"]
[Date "2000.??.??"]
[Round "3"]
[White "Kostic, Vladimir"]
[Black "Schaefer, Michael"]
[Result "1-0"]
[WhiteElo "2389"]
[BlackElo "2215"]
[PlyCount "111"]
[EventDate "2000.??.??"]

1. e4 c5 2. c3 Nf6 3. e5 Nd5 4. d4 cxd4 5. Nf3 e6 6. cxd4 d6 7. Nc3 Nxc3 8.
bxc3 Qc7 9. Bd2 Bd7 10. Bd3 Bc6 11. O-O Nd7 12. exd6 Bxd6 13. h3 Bf4 14. Be3
O-O 15. Re1 Rfd8 16. Qd2 Bxe3 17. Rxe3 Qf4 18. Qe1 Rac8 19. Rd1 b5 20. Bf1 Qc7
21. Ng5 Nf8 22. Rg3 a6 23. h4 Qf4 24. h5 h6 25. Nh3 Qc7 26. Qe3 Rd5 27. Nf4 Rf5
28. Rg4 e5 29. Qg3 Rg5 30. Rxg5 hxg5 31. Nd3 exd4 32. Qxc7 Rxc7 33. cxd4 Nd7
34. Rc1 Rc8 35. Be2 Nf6 36. Bf3 Bd7 37. Nc5 a5 38. Rb1 b4 39. Re1 Bf5 40. Bd1
Rd8 41. Bb3 Kf8 42. Re5 Bg4 43. Nb7 Rxd4 44. Nxa5 Bd7 45. Rxg5 Rh4 46. Nb7 Ne4
47. Ra5 Nc3 48. f3 Ne2+ 49. Kf2 Nd4 50. Nc5 Bc6 51. Nd3 Nxb3 52. axb3 Ke7 53.
Ke3 Kd6 54. g3 Rh3 55. Rg5 Bd5 56. Rxd5+ 1-0

[Event "Bad Woerishofen op"]
[Site "?"]
[Date "2000.??.??"]
[Round "5"]
[White "Kostic, Vladimir"]
[Black "Enders, Peter"]
[Result "1-0"]
[WhiteElo "2389"]
[BlackElo "2493"]
[PlyCount "85"]
[EventDate "2000.??.??"]

1. e4 e6 2. d4 d5 3. Nc3 Bb4 4. e5 Ne7 5. a3 Bxc3+ 6. bxc3 c5 7. h4 Qc7 8. Nf3
b6 9. Bb5+ Bd7 10. Bd3 c4 11. Bf1 Ba4 12. h5 h6 13. g3 Nd7 14. Bh3 O-O-O 15.
Kf1 Rdg8 16. Nh4 Nf8 17. Ng2 g6 18. Ra2 Rh7 19. Bg4 Nf5 20. Nf4 Qd7 21. Rb2 g5
22. Ng2 f6 23. Kg1 fxe5 24. dxe5 Rf7 25. Be3 Qc7 26. Bd4 Ng7 27. Ne3 Bc6 28. a4
Nd7 29. a5 b5 30. a6 Rgf8 31. Rh2 Nxe5 32. Qe1 Qd6 33. Rb1 Kb8 34. Bd1 Re8 35.
Qd2 Ka8 36. Bxe5 Qxe5 37. Ng4 Qd6 38. Nxh6 Rfe7 39. Qxg5 d4 40. Ng4 dxc3 41.
Qe5 Qd8 42. Nf6 Rh8 43. Qxc3 1-0

[Event "Bad Woerishofen op"]
[Site "?"]
[Date "2000.??.??"]
[Round "7"]
[White "Kostic, Vladimir"]
[Black "Bischoff, Klaus"]
[Result "1/2-1/2"]
[WhiteElo "2389"]
[BlackElo "2544"]
[PlyCount "47"]
[EventDate "2000.??.??"]

1. e4 c5 2. c3 Nf6 3. e5 Nd5 4. d4 cxd4 5. Nf3 e6 6. cxd4 d6 7. Bc4 Nb6 8. Bd3
Nc6 9. a3 d5 10. Nc3 Be7 11. Qc2 h6 12. Qe2 a6 13. h4 Bd7 14. Rh3 Rc8 15. Rg3
Bf8 16. Rg4 Na5 17. Qd1 Qe7 18. Kf1 Kd8 19. Bf4 Qe8 20. a4 Kc7 21. b3 Kb8 22.
Na2 Nc6 23. Bd2 g6 24. Kg1 1/2-1/2

[Event "Bad Woerishofen op"]
[Site "Bad Woerishofen"]
[Date "2000.??.??"]
[Round "1"]
[White "Krajewski, Wolfgang"]
[Black "Hopp, Guenter"]
[Result "1/2-1/2"]
[WhiteElo "2255"]
[BlackElo "1850"]
[PlyCount "123"]
[EventDate "1998.03.05"]
[Source "ChessBase"]
[SourceDate "1998.04.29"]

1. d4 Nf6 2. Nf3 e6 3. Bg5 Be7 4. e3 b6 5. Nbd2 Bb7 6. Bd3 d5 7. O-O Nbd7 8.
Rc1 O-O 9. c3 h6 10. Bh4 Ne4 11. Bxe7 Qxe7 12. Ne5 Nxe5 13. dxe5 f5 14. exf6
Nxf6 15. c4 c5 16. Qe2 e5 17. cxd5 Bxd5 18. e4 Bb7 19. Nc4 Rad8 20. f3 Rd4 21.
Ne3 g6 22. Bc4+ Kg7 23. Rc2 Rfd8 24. Re1 Qd6 25. g3 Rd2 26. Rxd2 Qxd2 27. Kf2
Qxe2+ 28. Kxe2 Rd4 29. b3 Bc6 30. Nc2 Rd6 31. Rd1 Rxd1 32. Kxd1 Kf8 33. Ne3 Ke7
34. Kd2 b5 35. Bf1 Bd7 36. Kc3 Kd6 37. Bd3 Bc6 38. Bf1 Bd7 39. Bg2 Bc6 40. Kd3
Ke6 41. Bf1 Kd6 42. Nd1 Ne8 43. Ne3 Nf6 44. Bg2 Ke6 45. f4 Kd6 46. Bf3 Bb7 47.
f5 g5 48. h4 Bc6 49. hxg5 hxg5 50. g4 Ke7 51. Nf1 Kd6 52. Ng3 Ke7 53. Be2 Kf7
54. Ke3 Ke7 55. Kf3 Kf7 56. Bd3 Ke7 57. Nf1 Kd6 58. Ne3 Ke7 59. Nd1 Ne8 60. Nc3
Nc7 61. a4 bxa4 62. bxa4 1/2-1/2

[Event "Bad Woerishofen op"]
[Site "?"]
[Date "2000.??.??"]
[Round "3"]
[White "Krajewski, Wolfgang"]
[Black "Schnur, Gerhard"]
[Result "0-1"]
[WhiteElo "2255"]
[BlackElo "2111"]
[PlyCount "70"]
[EventDate "2000.??.??"]

1. d4 e6 2. c4 d5 3. cxd5 exd5 4. Nc3 Nf6 5. Bg5 Be7 6. e3 O-O 7. Bd3 Nbd7 8.
Qc2 c6 9. Nf3 Re8 10. h3 Nf8 11. O-O-O Ne4 12. Bxe4 dxe4 13. Nxe4 Bf5 14. Bf4
Qd5 15. Nfd2 Qxa2 16. f3 Ng6 17. g4 Nxf4 18. exf4 Be6 19. Nc3 Qa1+ 20. Qb1
Qxb1+ 21. Kxb1 f5 22. Rh2 Rad8 23. Nde4 Bb3 24. Rdd2 Bd6 25. gxf5 Bxf4 26. Rhg2
Bxd2 27. Rxd2 b6 28. Rg2 Kf8 29. Ne2 Bc4 30. Nf4 Rxd4 31. Nh5 Bb3 32. Rg1 Red8
33. Nc3 b5 34. Nxg7 b4 35. Ne6+ Bxe6 0-1